书目信息 |
| 书名: | energy and man | |
| 作者: | mike lyth. | |
| 分册号: | ||
| 分册名: | 出版地: | [S.l.] : |
|
| 出版社: | Hart-Davis Educational | |
| 出版时间: | 19--?. | |
| 页数: | 56 p. : | |
| 开本: | 20020930 | |
| 丛书名: | ||
| 中图分类号: | ||
| 科图分类号: | ||
| 其他分类号: | N44 | |
| 主题词: | ||
| 电子资源: | ||
| 000 | 00563nam 2200193 a 4500 | |
| 001 | E0737265945 | |
| 005 | 20070429143301.40 | |
| 008 | @1 uu | |
| 040 | @aNLC | |
| 049 | @aN5LA | |
| 090 | @a2/R33-44/LM///////////////*964750/964751/ cop.2 | |
| 090 | @aN44 | |
| 096 | @aR33-44 @v2 | |
| 099 | @dN44@ex7:2 | |
| 100 | 1 | @aLyth, Mike. |
| 245 | 10 | @aenergy and man :@bscience testers / @cmike lyth. |
| 260 | @a[S.l.] :@bHart-Davis Educational,@c19--?. | |
| 300 | @a56 p. :@b00 ;@c20020930@lNLC09@h2245@lNLC09@h2249@lNLC09@h1840 | |
| 852 | 9 | @bWWJC @cJ08S @k2 @hR33-44 @iLM |
| energy and man : : science testers / / mike lyth.-[S.l.] : : Hart-Davis Educational, , 19--?. |
| 56 p. : : 00 ; ; 20020930 |
| ISBN |
| ● |
| 相关链接 |
|
|
|
|
正题名:energy and man
索取号:N44/x7:2
 
预约/预借
| 序号 | 登录号 | 条形码 | 馆藏地/架位号 | 状态 | 备注 |
| 1 | 181901 | 000455983 | 第二样本阅览室/ [索取号:N44/x7:2] | 在馆 | |
| 2 | 181902 | 000455796 | 第四借阅区/ [索取号:N44/x7:2] | 在馆 | |
| 3 | 181903 | 000455947 | 第四借阅区/ [索取号:N44/x7:2] | 在馆 |